000 00610nam a22002057a 4500
003 OSt
005 20140310182355.0
008 131001t xxu||||| |||| 00| 0 eng d
020 _a9780746013595
050 _aAG 5
_b.D752 1993
082 _aGS 793.73
_bD65 1993
100 _aDowswell, Paul.
_922161
245 _aQuestions and answers. /
_cPaul Dowswell, Alastair Smith & Marit Claridge.
260 _aLondon :
_bUsborne Publishing,
_c1993
300 _a128 p. :
_bill. col. ;
_c30 cm.
650 _aGeneral knowledge
_922338
700 _aSmith, Alastair.
_922339
942 _2lcc
_cBK-GS
999 _c12483
_d12483